| 000 | 00610nam a2200229 a 4500 | ||
|---|---|---|---|
| 005 | 20140310183152.0 | ||
| 008 | 021022s19uu xx 00 eng d | ||
| 020 | _a9712338118 | ||
| 050 |
_aKPM 810 _b.T67 2003 |
||
| 100 | _aTorres, Justo P. | ||
| 245 |
_aObligations and contracts / _cJusto P. Torres. |
||
| 260 |
_aManila : _bUniversity Book Supply, _c2003. |
||
| 300 |
_a355 p. : _c22 cm. |
||
| 521 | _aBSBA | ||
| 650 |
_aObligations ( law ) _xPhilippines |
||
| 650 |
_aContracts _xPhilippines |
||
| 942 |
_cBK _2lcc _kLOC |
||
| 999 |
_c19672 _d19672 |
||